Trabajo de los menores en la Historia de Cuenca (Record no. 133423)
[ view plain ]
| 000 -LEADER | |
|---|---|
| campo de control de longitud fija | 00681nam a2200169 4500 |
| 001 - NÚMERO DE CONTROL | |
| campo de control | 133423 |
| 003 - IDENTIFICADOR DE NÚMERO DE CONTROL | |
| campo de control | ES-MaACL |
| 005 - FECHA Y HORA DE LA ÚLTIMA TRANSACCIÓN | |
| campo de control | 20230906194412.0 |
| 007 - CAMPO FIJO DE DESCRIPCIÓN FÍSICA--INFORMACIÓN GENERAL | |
| campo de control de longitud fija | t| |
| 008 - DATOS DE LONGITUD FIJA--INFORMACIÓN GENERAL | |
| campo de control de longitud fija | 070214s1951 sp r ||||1| spa d |
| 100 1# - ENTRADA PRINCIPAL--NOMBRE DE PERSONA | |
| Nombre de persona | Ruipérez Pérez, Antonio. |
| 9 (RLIN) | 100583 |
| 245 10 - MENCIÓN DEL TÍTULO | |
| Título | Trabajo de los menores en la Historia de Cuenca |
| Resto del título | : ponencia... XIV Asamblea de la Unión Nacional de Tribunales de Menores, Oviedo 1951 / |
| Mención de responsabilidad, etc. | Antonio Ruipérez Pérez. |
| 260 ## - PUBLICACIÓN, DISTRIBUCIÓN, ETC. | |
| Lugar de publicación, distribución, etc. | [S. l. : |
| Nombre del editor, distribuidor, etc. | s. n., |
| Fecha de publicación, distribución, etc. | 1951?] ( |
| Lugar de fabricación/manufactura | Cuenca : |
| Fabricante | Imp. de Falange) |
| 300 ## - DESCRIPCIÓN FÍSICA | |
| Extensión | 36 p. ; |
| Dimensiones | 19 cm. |
| 710 00 - ENTRADA AGREGADA--NOMBRE DE ENTIDAD CORPORATIVA | |
| Nombre de entidad corporativa o nombre de jurisdicción como elemento de entrada | Unión Nacional de Tribunales de Menores. |
| Unidad subordinada | Asamblea ( |
| Sede del congreso/Lugar de la reunión | Oviedo. |
| Fecha del congreso o de la firma del tratado | 1951. |
| Número del congreso/reunión o número de parte o sección | 14ª) |
| 9 (RLIN) | 7049 |
| 852 ## - LOCALIZACIÓN | |
| Ubicación | ES-MaACL |
| Número de control de estantería | 1940-F-19 |
| Sublocalización o colección | R.31788 |
| Estatus retirado | Estado de pérdida | Estado de daño | No para préstamo | Colección | Biblioteca de origen | Biblioteca actual | Ubicación en estantería | Fecha de adquisición | Fuente de adquisición | Total de préstamos | Signatura topográfica completa | Código de barras | Visto por última vez | Precio de reemplazo | Tipo de ítem Koha |
|---|---|---|---|---|---|---|---|---|---|---|---|---|---|---|---|
| Colección de folletos | Biblioteca del Ateneo de Madrid | Biblioteca del Ateneo de Madrid | Depósito folletos | 17/01/2008 | 1940-F-19 | 1138898 | 23/02/2023 | 23/02/2023 | Folleto |
